000 03732cas a2200757 a 4500
999 _c28450
_d28450
001 11156631
003 OSt
005 20170303120838.0
008 741224c19649999dcuqr p 0 a0eng
010 _a 64009479
_zsn 80001866
016 7 _a9886967
_2DNLM
016 7 _aSR0076053
_2DNLM
016 7 _a010489251
_2Uk
022 0 _a0022-0655
_l0022-0655
_22
030 _aJEDMAA
032 _a279720
_bUSPS
035 _a(OCoLC)ocm01783080
037 _bJournal of Educational Measurement, National Council on Measurement in Education, 1230 17th Str., N.W., Washington, D.C. 20036
040 _aDLC
_beng
_cDLC
_dOCL
_dNSD
_dDLC
_dNSD
_dOCL
_dDLC
_dAIP
_dNSD
_dAIP
_dNSD
_dDLC
_dOCL
_dDLC
_dNSD
_dMUL
_dNST
_dOCL
_dIUL
_dNST
_dOCL
_dOCLCQ
_dNLM
_dOCLCQ
_dUMC
_dEYM
_dHUL
_dNLGGC
_dCDS
_dLVB
_dUQ1
_dOCLCQ
_dUKMGB
_dOCLCO
_dOCLCQ
_dDLC
_dOCLCF
_dOCLCO
_dPB3
042 _apcc
_ansdp
050 0 0 _aLB1131.A1
_bN32
082 0 4 _a371.2/6/05
210 0 _aJ. educ. meas.
222 0 _aJournal of educational measurement
245 0 0 _aJournal of educational measurement.
246 3 0 _aJEM
260 _a[East Lansing, Mich.] :
_bNational Council on Measurement in Education
300 _av. ;
_c26 cm.
310 _aQuarterly
362 1 _aBegan with: Vol. 1 in June 1964.
500 _aPublished: Washington, D.C., <1986->
530 _aAlso issued online.
550 _aOfficial publication of: National Council on Measurement in Education.
588 _aDescription based on: Vol. 14, no. 4 (winter 1977); title from cover.
590 _aSERBIB/SERLOC merged record
650 0 _aEducational tests and measurements
_vPeriodicals.
650 6 _aTests et mesures en éducation
_vPériodiques.
650 1 7 _aOnderwijs.
_2gtt
650 1 7 _aEvaluatie.
_2gtt
650 1 7 _aDocimologie.
_2rasuqam
650 1 7 _aTest pédagogique.
_2rasuqam
650 7 _aEducational tests and measurements.
_2fast
_0(OCoLC)fst00903660
655 7 _aPériodique électronique (Descripteur de forme)
_2rasuqam
655 7 _aRessource Internet (Descripteur de forme)
_2rasuqam
655 7 _aPeriodicals.
_2fast
_0(OCoLC)fst01411641
710 2 _aNational Council on Measurement in Education.
776 1 _tJournal of educational measurement (Online)
_x1745-3984
_w(DLC) 2005237205
_w(OCoLC)58648984
776 0 8 _iOnline version:
_tJournal of educational measurement
_w(OCoLC)564111751
776 0 8 _iOnline version:
_tJournal of educational measurement
_w(OCoLC)607707757
780 0 0 _aNational Council on Measurement in Education.
_tyearbook of the National Council on Measurement in Education
_x2330-5657
_w(DLC) 46040525
_w(OCoLC)4457718
906 _a7
_bcbc
_cserials
_d3
_encip
_f19
_gn-oclcserc
942 _2lcc
_cBOOKS
_hLB 1131 .J68 1996